| 000 | 00399nam a22001457a 4500 | ||
|---|---|---|---|
| 020 | _a9788131707135 | ||
| 040 | _cNUST | ||
| 082 | _a629.25 HAL | ||
| 100 |
_aHalderman, James D. _957722 |
||
| 110 |
_aMitchell, Chase D. _9112366 |
||
| 245 |
_aAutomotive Engines: _bTheory and Servicing |
||
| 260 |
_aNew Delhi: _bPearson Prentice, _c2007. |
||
| 650 |
_aAutomotive Engines _961370 |
||
| 942 |
_2ddc _cBK |
||
| 999 |
_c594772 _d594772 |
||